000 00450nam a2200157 i 4500
001 90022
003 ES-MaACL
005 20230906180328.0
007 t|
008 050117s1944 sp ||||1| spa d
100 1 _aLeek, Ben J.
_971203
245 1 0 _aGuía para el estudio del idioma inglés /
_cpor Ben J. Leek.
260 _aMadrid :
_bM. Aguilar,
_c[1944] (
_fGráficas Ultra)
300 _a316 p. ;
_c18 cm.
852 _aES-MaACL
_jF-9540
_bR.20934
999 _c90022
_d90022